000 01795nam a2200505 i 4500
001 15273
003 KOSZ 005
005 20200624095917.0
008 200408s1972 pl a f 000 0 pol
015 _aUWD 1972/9022
035 _a991034536149705066
035 _a(PL-WaBN)b19234740-48omnis_nlop
035 _ab19234740
035 _a(OCoLC)838868281
035 _a(PL)b0000001923474
035 _a(EXLNZ-48OMNIS_NETWORK)9910480337105606
040 _aWA N
_cWA N
_dKOSZ 005/RW
046 _k1972
080 _a347.77(438)
100 1 _aKaliciński, Mieczysław
_eAutor
245 1 0 _aZarys prawa wynalazczego :
_bskrypt dla studentów i pracowników wyższych szkół technicznych /
_cMieczysław Kaliciński.
260 _aKraków :
_bWydawnictwo Politechniki Krakowskiej,
_c1972.
300 _a142 strony :
_bilustracje ;
_c24 cm.
336 _aTekst
_btxt
_2rdacontent
337 _aBez urządzenia pośredniczącego
_bn
_2rdamedia
338 _aWolumin
_bnc
_2rdacarrier
380 _aKsiążki
380 _aPublikacje fachowe
380 _aPublikacje dydaktyczne
388 _a1901-2000
388 _a1945-1989
504 _aBibliografia na stronie 139.
521 8 _aSkrypt dla studentów i pracowników wyższych szkół technicznych.
650 7 _aPrawo patentowe
_2DBN
650 7 _aRacjonalizatorstwo
_2DBN
650 7 _aWynalazki
_2DBN
650 7 _aPrawo
651 7 _aPolska
_2DBN
655 7 _aPodręczniki akademickie
_2DBN
658 _aPrawo i wymiar sprawiedliwości
710 2 _aWydawnictwo Politechniki Krakowskiej
_4pbl
856 _uhttp://koha.tu.koszalin.pl/cgi-bin/koha/opac-detail.pl?biblionumber=15273
_yKatalog online BPK
942 _2UKD
_cKS
999 _c15273
_d15273